000
00246nam a2200109Ia 4500
008
200302s9999 xx 000 0 und d
100
_a
Mechelle Galindo
245
_a
Resort Design
260
_b
Braun Publishing AG
260
_c
2012
300
_a
269
999
_c
3397
_d
3397